000 00425nam a2200169Ia 4500
005 20250508154256.0
008 008 250505s9999 xx 000 0 eng d
037 _aTextual
040 _aFEDL
_beng
_cFEDL
041 _aeng
_2eng
084 _a658.07, DAS
_qFEDL
100 _aDas Gupta L R
245 0 _aBusiness education
300 _a252p.
942 _cTEXL
_h658.07, DAS
999 _c1349302
_d1349302